Literatur Nobel Prize - Statistics

General Stats
  • This quiz has been taken 3 times
  • The average score is 7 of 14
Answer Stats
year Author % Correct
1907 Kipling
100%
1903 Bjørnson
50%
1906 Carducci
50%
1908 Eucken
50%
1912 Hauptmann
50%
1909 Lagerlöf
50%
1911 Maeterlink
50%
1902 Mommsen
50%
1901 Prudhomme
50%
1915 Rolland
50%
1905 Sienkiewicz
50%
1913 Tagore
50%
1904 Eizaguirre/ Mistral
0%
1910 von Heyse
0%
No matching quizzes found
Score Distribution
Percent of People with Each Score
Percentile by Number Answered
Your Score History
You have not taken this quiz